000 01644nam0a2200349 4500
001 RU\NLR\bibl\1299788
005 20250615150727.0
010 _a978-5-238-01504-0
_92000
021 _aRU
_b2008-80540
_94680
035 _a(nilc)EL/0000225056
035 _a(NLR Aleph) 001285384
090 _a525371
_c525371
100 _a20081106d2009 |||y0rusy50 ca
101 0 _arus
102 _aRU
105 _aa j |||||
200 1 _aОрганизация и проведение аудиторской проверки
_eучебное пособие для студентов высших учебных заведений, обучающихся по специальностям "Бухгалтерский учет, анализ и аудит", "Финансы и кредит"
_fК.К. Арабян
210 _aМосква
_cЮНИТИ
_cЮНИТИ-ДАНА
_d2009 [т. е. 2008]
215 _a445 с.
_cил., табл.
_d22
300 _aКн. фактически изд. в 2008 г.
320 _aБиблиогр.: с. 371-374
606 1 _aАудит
_jУчебные издания для высших учебных заведений
_yРоссийская Федерация
_92075686
_3RU\NLR\auth\661250767
686 _a65.052.80я73
_vLBC/M
_2rubbk
686 _aУ052.9(2)2-218я73
700 1 _aАрабян
_bК. К.
_gКнарик Карапетовна
_4070
801 0 _aRU
_bВологодская ОУНБ
_c20081106
_grcr
801 1 _aRU
_bВологодская ОУНБ
_c20081106
_2rusmarc
801 2 _aRU
_bNLR
_c20081128
_grcr
830 _aавт. по кн.
942 _cBOOK
980 _aNB